Tilastot visalle Euroopan maiden pääkaupungit

Klikkaa tästä pelataksesi tätä visaa!

Yleistilastot

  • Tätä visaa on pelattu 14 834 kertaa
    (14 627 viimeisimmän päivityksen jälkeen)
  • Keskiarvotulos 31 / 45

Vastaustilastot

ValtioPääkaupunki% Oikein
SuomiHelsinki
95%
RuotsiTukholma
94%
NorjaOslo
94%
ItaliaRooma
93%
RanskaPariisi
92%
ViroTallinna
91%
EspanjaMadrid
90%
IslantiReykjavik
90%
Yhdistynyt
kuningaskunta
Lontoo
89%
VenäjäMoskova
89%
SaksaBerliini
89%
TanskaKööpenhamina
87%
KreikkaAteena
86%
LatviaRiika
85%
AlankomaatAmsterdam
82%
VatikaaniVatikaani
79%
MonacoMonaco
79%
IrlantiDublin
79%
ItävaltaWien
78%
LuxemburgLuxemburg
78%
LiettuaVilna
77%
BelgiaBryssel
76%
PortugaliLissabon
75%
BulgariaSofia
75%
San MarinoSan Marino
73%
PuolaVarsova
73%
TsekkiPraha
68%
UnkariBudapest
67%
SveitsiBern
63%
Valko-VenäjäMinsk
63%
RomaniaBukarest
58%
UkrainaKiova
58%
MaltaValletta
49%
Bosnia ja
Hertsegovina
Sarajevo
48%
AndorraAndorra La Vella
48%
KroatiaZagreb
48%
AlbaniaTirana
47%
SlovakiaBratislava
46%
SloveniaLjubljana
44%
KosovoPristina
35%
SerbiaBelgrad
35%
MakedoniaSkopje
33%
LiechtensteinVaduz
32%
MoldovaChișinău
30%
MontenegroPodgorica
23%

Tulosjakauma

Persentiili vastausten määrän mukaan

Jokaisen tuloksen saaneiden osuus

Tuloshistoriasi

Et ole pelannut tätä visaa sen viimeisimmän päivityksen jälkeen